000 00612nam a22002177a 4500
003 UA-OsUOA
001 131006
007 ta
008 20180521b un ||||| |||| 00| 0 ukr d
100 _aСобко І.
090 _a908
_bС54
942 _cSA
040 _aUA-OsUOA
_bukr
_cUA-OsUOA
_dUA-OsUOA
245 _aОлімпіада "Юні знавці Біблії": християнство - духовний вибір українського народу
300 _aС.9
955 _a0
041 _aukr
080 _a908
773 0 _w131003
650 7 _a908 Краєзнавство
_2UDC
999 _c419369
_d419369